BTS birth names in Hangul - Statistics

General Stats
  • This quiz has been taken 17 times
  • The average score is 6 of 7
Answer Stats
Hint Answer % Correct
전정국 Jeon Jungkook
94%
김남준 Kim Namjoon
94%
박지민 Park Jimin
94%
민윤기 Min Yoongi
88%
김석진 Kim Seokjin
81%
정호석 Jung Hoseok
75%
김태형 Kim Taehyung
75%
No matching quizzes found
Score Distribution
Percent of People with Each Score
Percentile by Number Answered
Your Score History
You have not taken this quiz